000 00619cam a22001931 04500
001 45415
090 _a45415
100 _a19970101d1946 m y0pory5003 ba
101 0 _apor
102 _aPT
200 1 _aComo evitar as doenças infecciosas
_fpor J. Fraga de Azevedo e Fernando de Castro Amaro
210 9 _aLisboa
_cEdições Cosmos,
_dimp. 1946
215 _a166, [2] p.
_d20 cm
225 2 _aBiblioteca cosmos
_v110
_h1.ª Seccão.
_iCiéncias e Técnicas
_v52
675 _a616.9-084(035)
_vBN
_zpo
700 1 _aAzevedo,
_bJ. Fraga de,
_f1906-1977
701 1 _aAmaro,
_bFernando de Castro
_4070
801 0 _aPT
_bBN
_gRPC
990 _cLIVROS